Datum a čas kvízu
31
Celkem bodů
Celkový počet nahraných bodů na tomto kvízu bez doplňovacích otázek.
2.
Pořadí na kvízu
Konečné umístění týmu na tomto kvízu.
Zaznamenané odpovědi
| # | Otázka | Odpověď | Body | Výsledky |
|---|---|---|---|---|
| 1. | Dne 14. dubna v 18 hodin jsme... | synchronizované plavání | 1 | |
| 2. | V Saúdské Arábii byla ve střed... | havarijní pojištění | 0 | |
| 3. | Na streamovací platformě Netfl... | Barack Obama | 1 | |
| 4. | Vítězem prestižních anket Svět... | Hyundai Ioniq (5) | 0 | |
| 5. | Jubilejní zápas v historii čes... | 2000. zápas | 0 | |
| 6. | V dalším díle této tematické s... | (aloe) vera | 1 | |
| 7. | Tato dvě africká zvířátka jsou... | včel | 1 | |
| 8. | Tato kočkovitá šelma střední... | karakal | 1 | |
| 9. | Tato rostlina je významná hlav... | kadidlo | 0 | |
| 10. | Africké národní parky patří k... | A) v Tanzánii | 1 |